书目信息 |
| 题名: |
双语教学英汉环境科学与工程词典
|
|
| 作者: | 钟理 主编 | |
| 分册: | ||
| 出版信息: | 北京 化学工业出版社 2006 |
|
| 页数: | 298页 | |
| 开本: | 21cm | |
| 丛书名: | ||
| 单 册: | ||
| 中图分类: | X-61 | |
| 科图分类: | ||
| 主题词: | 环境科学--英、汉--词典 , 环境科学 | |
| 电子资源: | ||
| ISBN: | 7-5025-8662-8 | |
| 000 | 00930nam0 2200253 450 | |
| 001 | 012007250534 | |
| 005 | 20070522164346.81 | |
| 010 | @a7-5025-8662-8@dCNY24.00 | |
| 100 | @a20070515d2006 km y0chiy0120 ea | |
| 101 | 0 | @achi@aeng |
| 102 | @aCN@b110000 | |
| 105 | @ay e 001yy | |
| 106 | @ar | |
| 200 | 1 | @a双语教学英汉环境科学与工程词典@Ashuang yu jiao xue ying han huan jing ke xue yu gong cheng ci dian@f钟理主编@Fzhong li zhu bian |
| 210 | @a北京@c化学工业出版社@d2006 | |
| 215 | @a298页@d21cm | |
| 330 | @a本词典共收录词汇、词组约4000条既包括环境科学与工程领域专业的常用词汇,还涉及化学、化工、生物等其他学科相关词汇。 | |
| 510 | 1 | @aEnglish-Chinese dictionary of environmental science and engineering for bilingual teaching@zeng |
| 606 | 0 | @a环境科学@x英、汉@j词典 |
| 606 | 0 | @a环境科学 |
| 690 | @aX-61@v4 | |
| 701 | 0 | @a钟理@Azhong li@f(1956~)@4主编 |
| 801 | 0 | @aCN@bRULIN@c20070522 |
| 905 | @dX-61@e111@s8 | |
| 双语教学英汉环境科学与工程词典/钟理主编.-北京:化学工业出版社,2006 |
| 298页;21cm |
| ISBN 7-5025-8662-8:CNY24.00 |
| 本词典共收录词汇、词组约4000条既包括环境科学与工程领域专业的常用词汇,还涉及化学、化工、生物等其他学科相关词汇。 |
| ● |
| 相关链接 |
|
|
|
|
正题名:双语教学英汉环境科学与工程词典
索取号:X-61/111
 
预约/预借
| 序号 | 登录号 | 条形码 | 馆藏地/架位号 | 状态 | 备注 |
| 1 | 0579189 | 205791892 | 第二样本阅览室/ [索取号:X-61/111] | 在馆 | |
| 2 | 0579190 | 205791909 | 第三借阅区/ [索取号:X-61/111] | 在馆 | |
| 3 | 0579191 | 205791918 | 第三借阅区/ [索取号:X-61/111] | 在馆 | |
| 4 | 0579192 | 205791927 | 第三借阅区/ [索取号:X-61/111] | 在馆 | |
| 5 | 0579193 | 205791936 | 第三借阅区/ [索取号:X-61/111] | 在馆 | |
| 6 | 0579194 | 205791945 | 第三借阅区/ [索取号:X-61/111] | 在馆 | |
| 7 | 0579195 | 205791954 | 第三借阅区/ [索取号:X-61/111] | 在馆 | |
| 8 | 0579196 | 205791963 | 第三借阅区/ [索取号:X-61/111] | 在馆 |